000 00706cam a22002533a 4500
001 19078
003 PGUSA
005 20140828083414.0
008 060819s2006||||xxu|||||s|||||000 | eng d
040 _aPGUSA
_beng
042 _adc
050 4 _aCT
100 1 _aLang,
_cMrs
245 1 4 _aThe Red Book of Heroes
_h[electronic resource] /
_cLang,
260 _bProject Gutenberg,
_c2006
506 _aPublic domain in the USA.
516 _aElectronic text
653 _aBiography -- Juvenile literature
700 1 _aLang, Andrew,
_d1844-1912
700 1 _aMills, Arthur Wallis,
_d1878-1940
830 0 _aProject Gutenberg
_v19078
856 4 0 _uhttp://www.gutenberg.org/ebooks/19078
942 _cEB
999 _c248333
_d248333